[Event "GER-ch U25"]
[Site "Willingen"]
[Date "2005.05.17"]
[Round "5"]
[White "Huynh, Nhi Lang"]
[Black "Beck, Patrick"]
[Result "0-1"]
[WhiteElo "1241"]
[BlackElo "1719"]
[PlyCount "100"]
[EventDate "2005.05.14"]
[EventType "swiss"]
[EventRounds "9"]
[EventCountry "GER"]
[SourceTitle "CBM 106 Extra"]
[Source "ChessBase"]
[SourceDate "2005.07.01"]
[SourceVersion "1"]
[SourceVersionDate "2005.07.01"]
[SourceQuality "1"]

1. d4 d5 2. c4 e6 3. Nc3 c6 4. e3 f5 5. Nf3 Nf6 6. cxd5 exd5 7. g3 Bd6 8. Bg2 0-0 9. 0-0 Qe8 10. b3 Nbd7 11. Bb2 Ne4 12. Rc1 Rf6 13. Nd2 Rh6 14. Rc2 Ndf6 15. Ncxe4 fxe4 16. Re1 Qg6 17. Nf1 Bh3 18. Qe2 Rf8 19. Bxh3 Rxh3 20. Rec1 Rh5 21. a3 Ng4 22. Qd1 Rhf5 23. Qe1 Nxf2 24. Rxf2 Rxf2 25. Qxf2 Rxf2 26. Kxf2 Qf6+ 27. Kg1 Qf8 28. Ra1 Qf3 29. b4 h5 30. Re1 h4 31. Nd2 Qg4 32. Nf1 hxg3 33. hxg3 Bxg3 34. Nxg3 Qxg3+ 35. Kf1 Qh3+ 36. Kg1 Qg3+ 37. Kf1 Qh2 38. Re2 Qh1+ 39. Kf2 Kf7 40. Kg3 Qf3+ 41. Kh2 Qxe2+ 42. Kg3 Qxb2 43. Kf4 Qxa3 44. b5 cxb5 45. Ke5 Qxe3 46. Kd6 Qxd4 47. Kc7 Qc5+ 48. Kb8 b4 49. Kxb7 b3 50. Ka6 Qb6# 0-1

[Event "GER-chT U12"]
[Site "Verden"]
[Date "2000.12.30"]
[Round "7.2"]
[White "Beck, Patrick"]
[Black "Iljins, Alexander"]
[Result "1/2-1/2"]
[WhiteElo "1131"]
[BlackElo "911"]
[PlyCount "75"]
[EventDate "2000.12.26"]
[EventType "team"]
[EventRounds "7"]
[EventCountry "GER"]
[SourceTitle "EXT 2008"]
[Source "ChessBase"]
[SourceDate "2007.11.25"]
[SourceVersion "1"]
[SourceVersionDate "2007.11.25"]
[SourceQuality "1"]
[WhiteTeam "Limburgerhof U12"]
[BlackTeam "Makkabi Berlin U12"]
[WhiteTeamCountry "GER"]
[BlackTeamCountry "GER"]

1. d4 d5 2. c4 e6 3. Nc3 Nf6 4. cxd5 exd5 5. Bg5 Be7 6. e3 0-0 7. Bd3 h6 8. Bh4 Re8 9. Nge2 Nbd7 10. 0-0 Nf8 11. f3 Ne6 12. Kh1 c6 13. Bf2 Bd7 14. e4 Bc8 15. e5 Nd7 16. Bf5 Ndf8 17. f4 Nc7 18. Bd3 Bg4 19. a3 Nfe6 20. Qd2 Bxe2 21. Nxe2 a5 22. Be1 Qd7 23. Qc2 Nf8 24. b4 axb4 25. Bxb4 Bxb4 26. axb4 Qe7 27. Qc5 Qxc5 28. bxc5 Rxa1 29. Rxa1 Ra8 30. Rb1 Ra7 31. g3 Nd7 32. Bf5 Ne6 33. Kg2 Kf8 34. Kf3 g6 35. Bh3 Ke7 36. f5 Ng5+ 37. Kg2 Nxh3 38. f6+ 1/2-1/2

[Event "GER-chT U12"]
[Site "Verden"]
[Date "2000.12.30"]
[Round "6.2"]
[White "Schroeder, Marcel"]
[Black "Beck, Patrick"]
[Result "0-1"]
[WhiteElo "630"]
[BlackElo "1131"]
[PlyCount "32"]
[EventDate "2000.12.26"]
[EventType "team"]
[EventRounds "7"]
[EventCountry "GER"]
[SourceTitle "EXT 2008"]
[Source "ChessBase"]
[SourceDate "2007.11.25"]
[SourceVersion "1"]
[SourceVersionDate "2007.11.25"]
[SourceQuality "1"]
[WhiteTeam "Brackel U12"]
[BlackTeam "Limburgerhof U12"]
[WhiteTeamCountry "GER"]
[BlackTeamCountry "GER"]

1. e4 c5 2. Nf3 e6 3. d4 cxd4 4. Nxd4 a6 5. Nc3 Qc7 6. Be3 Bb4 7. Bd2 Nf6 8. Bd3 b5 9. 0-0 Bb7 10. Qe2 0-0 11. Rad1 Bxc3 12. Bxc3 Nc6 13. Nxc6 Qxc6 14. Rfe1 d5 15. e5 d4 16. Bxd4 Qxg2# 0-1